Climate change, trade, and competitiveness (Record no. 47720)
[ view plain ]
| 000 -LEADER | |
|---|---|
| fixed length control field | 01655nam a2200361Ia 4500 |
| 245 00 - TITLE STATEMENT | |
| Title | Climate change, trade, and competitiveness |
| 260 ## - PUBLICATION, DISTRIBUTION, ETC. (IMPRINT) | |
| Place of publication | Washington, D.C. : |
| Name of publisher | Brookings Institution Press, |
| Year of publication | c2009. |
| 300 ## - PHYSICAL DESCRIPTION | |
| Number of Pages | x, 197 p. : |
| Other physical details | ill. |
| 500 ## - GENERAL NOTE | |
| General note | "The initial drafts of the papers, comments and reflections included in this volume were delivered at a conference held in Washington in June 2008"--P. vi. |
| 650 #0 - SUBJECT ADDED ENTRY--TOPICAL TERM | |
| Topical Term | Climatic changes |
| Topical Term | Competition, International. |
| Topical Term | Greenhouse gas mitigation |
| Topical Term | International trade |
| 700 1# - ADDED ENTRY--PERSONAL NAME | |
| Personal name | Brainard, Lael. |
| Personal name | Sorkin, Isaac. |
| 856 40 - ELECTRONIC LOCATION AND ACCESS | |
| Uniform Resource Identifier | http://site.ebrary.com/lib/rucke/Doc?id=10338449 |
No items available.
